000 00241nmm a2200085Ia 4500
008 220120s9999||||xx |||||||||||||||||und||
100 _aOpen source for you
245 0 _aDebain buster-64bit live10
260 _aCoorg Institute of Technology
_c2019
999 _c140102
_d140102